000 00891nmc a2200325 a 4500
003 AR-BaBNM
005 20251128204144.0
008 136019s1983 ||||||||||||||000 | spa||
020 _a950-25-0027-x
040 _cAR-BaBNM
100 1 _aTroncoso, Oscar
245 1 0 _aFundadores del gremialismo obrero
_n2
260 _aBuenos Aires
_bCentro Editor de América Latina
_c1983
300 0 _ap. 149-264
490 0 _aBiblioteca política argentina
_vv. 28
600 1 4 _aNegri, José
600 1 4 _aRugilo, Ruggiero
600 1 4 _aSilvetti, Alejandro
650 4 _aSINDICALISMO
650 4 _aMOVIMIENTO OBRERO
650 4 _aTRABAJADORES
650 4 _aCONFLICTO LABORAL
650 4 _aREPRESENTACION DE LOS TRABAJADORES
650 4 _aDERECHO LABORAL
650 4 _aSINDICATOS
651 4 _aArgentina
800 1 _aTroncoso, Oscar
_edirector
942 _cBK
998 _cEnrique
999 _c6402
_d6402